[Event "Wch Seniors 65 25th"]
[Site "Acqui Terme"]
[Date "2015.11.10"]
[Round "1"]
[White "Vasiukov, Evgeni"]
[Black "Doubleday, William G"]
[Result "1-0"]
[WhiteElo "2392"]
[BlackElo "2001"]
[PlyCount "95"]
[EventDate "2015.11.10"]
[EventType "swiss"]
[EventRounds "11"]
[EventCountry "ITA"]
[SourceTitle "CBM 169 Extra"]
[Source "ChessBase"]
[SourceDate "2015.12.18"]
[SourceVersion "1"]
[SourceVersionDate "2015.12.18"]
[SourceQuality "1"]

1. e4 c5 2. a3 e5 3. Bc4 Nf6 4. Nc3 d6 5. d3 Be7 6. f4 Nc6 7. Nf3 Nd4 8. fxe5 Nxf3+ 9. Qxf3 dxe5 10. 0-0 Qd6 11. Nb5 Qb8 12. Qg3 0-0 13. Bg5 Nh5 14. Qh4 Bxg5 15. Qxh5 Bf4 16. g3 Be3+ 17. Kg2 Be6 18. Bxe6 fxe6 19. Rxf8+ Qxf8 20. Rf1 Qe8 21. Qxe8+ Rxe8 22. Re1 a6 23. Nd6 Rd8 24. Nxb7 Rd7 25. Rxe3 Rxb7 26. b3 Kf7 27. Rf3+ Ke7 28. g4 g5 29. Rh3 Kd6 30. Kf2 Rf7+ 31. Rf3 Rf4 32. h3 a5 33. Ke2 Kc6 34. c3 Kb5 35. a4+ Kc6 36. Rf1 Kd6 37. Rb1 Rf7 38. b4 cxb4 39. cxb4 axb4 40. Rxb4 Ra7 41. Kd2 h6 42. Kc3 Kc6 43. Kc4 Rd7 44. a5 Rd4+ 45. Kc3 Rd8 46. Rb6+ Kd7 47. a6 Ra8 48. Kb4 1-0

[Event "CAN-ch Seniors 65+"]
[Site "Kitchener"]
[Date "2015.08.03"]
[Round "6"]
[White "Doubleday, William G"]
[Black "Starr, Nava"]
[Result "0-1"]
[WhiteElo "2052"]
[BlackElo "2112"]
[PlyCount "100"]
[EventDate "2015.07.31"]
[EventType "swiss"]
[EventRounds "7"]
[EventCountry "CAN"]
[SourceTitle "EXT 2022"]
[Source "ChessBase"]
[SourceDate "2021.10.06"]
[SourceVersion "1"]
[SourceVersionDate "2021.10.06"]
[SourceQuality "1"]

1. d4 Nf6 2. c4 c5 3. d5 d6 4. Nc3 g6 5. e4 Bg7 6. Bd3 0-0 7. h3 Na6 8. Nf3 Nc7 9. 0-0 a6 10. a4 b6 11. Re1 Rb8 12. e5 Nfe8 13. Bg5 dxe5 14. Bh4 f6 15. Qe2 Nd6 16. Bg3 Bf5 17. Nd2 e6 18. Nde4 Bxe4 19. Nxe4 Nf5 20. dxe6 Nxe6 21. Red1 Nfd4 22. Qf1 Rb7 23. Nc3 f5 24. f3 Rd7 25. Qe1 Nc6 26. Nd5 Ned4 27. Kh1 a5 28. Rac1 Qb8 29. Bb1 Re8 30. Rc3 Nb4 31. Bh2 Qb7 32. Nxb4 axb4 33. Re3 Rde7 34. Qh4 Qc6 35. b3 Qf6 36. Qe1 Bh6 37. f4 exf4 38. Rxe7 Rxe7 39. Qf1 Qe5 40. Qd3 Qe3 41. Bg1 Qxd3 42. Bxd3 Nxb3 43. Bf1 Bg7 44. Rd3 Nd4 45. Bxd4 Bxd4 46. Rd1 Ra7 47. Be2 Rxa4 48. Bf3 Kg7 49. Rb1 Ra2 50. Bc6 Kf6 0-1

[Event "Gatineau op-A"]
[Site "Gatineau"]
[Date "2015.03.??"]
[Round "1"]
[White "Gordon, David"]
[Black "Doubleday, William G"]
[Result "1-0"]
[WhiteElo "2296"]
[BlackElo "2069"]
[PlyCount "103"]
[EventDate "2015.03.07"]
[EventType "swiss"]
[EventRounds "5"]
[EventCountry "CAN"]
[SourceTitle "EXT 2016"]
[Source "ChessBase"]
[SourceDate "2015.10.08"]
[SourceVersion "1"]
[SourceVersionDate "2015.10.08"]
[SourceQuality "1"]

1. d4 d5 2. Nf3 c6 3. c4 e6 4. cxd5 exd5 5. Nc3 Bf5 6. Qb3 Qb6 7. Qxb6 axb6 8. a3 h6 9. Bd2 Nf6 10. e3 b5 11. Na2 Na6 12. Be2 Bd6 13. 0-0 0-0 14. Rfc1 Rfe8 15. Be1 Nd7 16. Ba5 Rac8 17. a4 bxa4 18. Bxa6 bxa6 19. Nc3 Bd3 20. Nxa4 f6 21. Nb6 Nxb6 22. Bxb6 Re7 23. Bc5 Bxc5 24. Rxc5 Rb7 25. Rc3 Be2 26. b3 Rcb8 27. Nd2 Rb6 28. f3 Kf7 29. Kf2 Bb5 30. h4 Ke6 31. Nb1 R8b7 32. Na3 Kd6 33. Nxb5+ cxb5 34. b4 Rc7 35. Rc5 Rbc6 36. h5 Ke6 37. Rxa6 Rxa6 38. Rxc7 Ra4 39. Rxg7 Rxb4 40. Rh7 Rc4 41. Rxh6 Rc8 42. g4 Rb8 43. g5 Kf5 44. Rxf6+ Kxg5 45. Rd6 Kxh5 46. Rxd5+ Kg6 47. Rc5 b4 48. Rc2 b3 49. Rb2 Kf5 50. Ke2 Ke6 51. Kd3 Kd6 52. Kc3 1-0

[Event "Gatineau op-A"]
[Site "Gatineau"]
[Date "2015.03.??"]
[Round "5"]
[White "Rodrigue Lemieux, Shawn"]
[Black "Doubleday, William G"]
[Result "1/2-1/2"]
[WhiteElo "1939"]
[BlackElo "2069"]
[PlyCount "87"]
[EventDate "2015.03.07"]
[EventType "swiss"]
[EventRounds "5"]
[EventCountry "CAN"]
[SourceTitle "EXT 2016"]
[Source "ChessBase"]
[SourceDate "2015.10.08"]
[SourceVersion "1"]
[SourceVersionDate "2015.10.08"]
[SourceQuality "1"]

1. e4 c5 2. Nf3 Nc6 3. Bb5 d6 4. Bxc6+ bxc6 5. h3 Nf6 6. d3 e5 7. 0-0 g6 8. Nc3 Bg7 9. Be3 0-0 10. a3 a5 11. Nd2 Nh5 12. Nc4 Be6 13. Na4 Nf4 14. Bxf4 exf4 15. Qf3 Bxc4 16. dxc4 Be5 17. Rad1 Rb8 18. Nxc5 Bxb2 19. Nd3 Qf6 20. Nxf4 Bxa3 21. Qxa3 Qxf4 22. Rfe1 Rb4 23. Qa2 Rfb8 24. Qxa5 Rxc4 25. Qc7 Re8 26. Qxd6 Qxd6 27. Rxd6 Rxc2 28. Rd7 Rb8 29. Rd6 c5 30. Red1 Rbb2 31. Rf6 Kg7 32. Rf3 Rb7 33. Rd6 Rc7 34. Kf1 c4 35. Ke1 Rb2 36. Rc3 Rb3 37. Rxb3 cxb3 38. Rb6 Rc1+ 39. Kd2 Rc2+ 40. Ke3 b2 41. h4 h5 42. g3 Kf8 43. f3 Ke7 44. g4 1/2-1/2